000
00220nam a22001217a 4500
040
_c
SK
082
_a
574
100
_a
ROBERT G.
245
_a
Limnology
260
_a
LONDON
_b
ROB
_c
1981
300
_a
743p.
942
_c
EK
999
_c
9484
_d
9484